LEADER 01319nam a2200313 a 4500 001 000000127372 003 CaOOAMICUS 005 20120130102153.0 008 120130s2011 it u000 u ita r 020 $a978-88-10-51087-2 040 $aPUL$bita 041 1 $aita$hspa 082 04$a259 100 1 $aFlecha Andrés, José-Román,$csac.,$d1941-$0(OLS)http://pul/name/35651 240 10$aDios de los ancianos.$lItaliano.$0(OLS)http://pul/title/160945 245 13$aIl Dio degli anziani /$cJosé-Román Flecha Andrés. 260 $aBologna :$bEDB,$c2011. 300 $a296 p. ;$c21 cm 490 1 $aItinerari. Collana di spiritualità. Dottrina esperienze testimonianze 650 4$aAnziani$xCura pastorale.$0(OLS)http://pul/subject/38437 830 0$aItinerari.$pCollana di spiritualità.$pDottrina esperienze testimonianze.$0(OLS)http://pul/title/157427 850 $aPUL 852 $aPUL$W1$xSL Religione 3$y85$m259 FLEJO 1$j147358$qDDC 21$B145992$CPULBib$Z2$F145992 $H118189 $82 941 1 $a9 996 $6020$a978-88-10-51087-2$9(OLS)http://pul/number/148711 996 $6082$a259$9(OLS)http://pul/classification/1775 996 $6245$aIl Dio degli anziani$9(OLS)http://pul/title/160946 996 $6260$aBologna :$bEDB$9(OLS)http://pul/publisher/56073 LEADER 01460nam a2200289 u 4500 001 000000115541 003 CaOOAMICUS 005 20090506153339.0 008 090506s2009 it u000 u ita r 020 $z978-88-08-26972-0* 040 $aPUL$bita$dLDB 245 03$aLa locazione :$bdisciplina sostanziale e processuale /$ca cura di Vincenzo Cuffaro ; con la collaborazione di Roberto Calvo ... [et al.]. 260 $aBologna :$bZanichelli,$cc2009. 300 $axv, 839 p. ;$c25 cm +$eCD-ROM 490 1 $aDottrina casi sistemi ;$v13 504 $aBibliografia: p. [811]-834. 650 14$aLocazione$xDiritto.$0(OLS)http://pul/subject/33884 700 1 $aCuffaro, Vincenzo,$d1951-$0(OLS)http://pul/name/48395 700 1 $aCalvo, Roberto,$d1965-$0(OLS)http://pul/name/71610 830 0$aDottrina casi sistemi ;$v13.$0(OLS)http://pul/title/139266 850 $aPUL 852 $aPUL$W1$xSL Diritto e Scienze Sociali 3$y79$m346. 45 CUFVI 1$j132355$qDDC 21$B131353$CPULBib$Z2$F131353 $H110127 $82 852 $aPUL$W1$xSL Diritto e Scienze Sociali 3$y79$m346. 45 CUFVI 1CD$j132356$aCD-ROM$qDDC 21$B131354$CPULBib$Z2$F131354 $H110128 $82 941 1 $a9 996 $6020$z978-88-08-26972-0*$9(OLS)http://pul/number/140568 996 $6245$aLa locazione :$bdisciplina sostanziale e processuale$9(OLS)http://pul/title/145174 996 $6260$aBologna :$bZanichelli$9(OLS)http://pul/publisher/48255